Struktura a chování zemědělských podniků v podmínkách tržního hospodářství.

Ciele transformácie poľnohospodárskych podnikov a determinanty výsledného chovania podnikov (kapitál, manažment, hierarchia hodnôt v rozhodovaní, vonkajšie prostredie). Podmienenosť realizácie zmien v riadení podnikov typom informačného pôsobenia, hierarchiou rozhodovania a podnikovými funkciami a c...

Descrizione completa

Salvato in:
Dettagli Bibliografici
Autore principale: Hron, J.
Natura: Capitolo di libro
Lingua:ceco
Soggetti:
Tags: Aggiungi Tag
Nessun Tag, puoi essere il primo ad aggiungerne!!

MARC

LEADER 00000naa a2200000 4500
001 r008689
005 20220831091143.9
041 0 |a cze 
044 |a [CS] 
245 1 0 |a Struktura a chování zemědělských podniků v podmínkách tržního hospodářství.  |c J. Hron 
520 |a Ciele transformácie poľnohospodárskych podnikov a determinanty výsledného chovania podnikov (kapitál, manažment, hierarchia hodnôt v rozhodovaní, vonkajšie prostredie). Podmienenosť realizácie zmien v riadení podnikov typom informačného pôsobenia, hierarchiou rozhodovania a podnikovými funkciami a chovaním ľudí. Zmeny vo výrobných organizačných a riadiacich štruktúrach. 
610 2 0 |a podnik poľnohospodársky 
610 2 0 |a reformy hospodárske 
610 2 0 |a správanie 
610 2 0 |a riadenie podnikové 
610 2 0 |a manažment 
610 2 0 |a rozhodovanie 
610 2 0 |a štruktúra organizačná 
610 2 0 |a hospodárstvo podnikové 
610 2 0 |a hospodárstvo trhové 
610 2 0 |a transformácia 
100 1 |a Hron, J.